Energy, environment and climate / (Registro nro. 7367)

Detalles MARC
000 -CABECERA
Campo de control 00696nam a22002177a 4500
005 - FECHA Y HORA DE LA ULTIMA TRANSACCION
Campo de control 20130712164354.0
008 - ELEMENTOS DE LONGITUD FIJA—INFORMACION GENERAL
Campo de control 130712b2008 xxu||||| |||| 00| 0 spa d
020 ## - ISBN
ISBN 9780393927634
041 ## - IDIOMA
Código de idioma para texto/pista de sonido o título separado Inglés
044 ## - PAÍS DE PUBLICACIÓN
País de publicación Estados Unidos
082 ## - NUMERO DE CLASIFICACION DECIMAL DEWEY
Número de clasificación 551.6
Número del ítem W861e
100 1# - ASIENTO PRINCIPAL--NOMBRE PERSONAL
Nombre personal Wolfson, Richard.
245 10 - MENCION DE TITULO
Título Energy, environment and climate /
Parte restante del título Richard Wolfson
260 ## - PUBLICACION, DISTRIBUCION, ETC. (PIE DE IMPRENTA)
Lugar de publicación, distribución, etc. New York :
Nombre del editor, distribuidor, etc. W.W. Norton & Company,
Fecha de publicación, distribución, etc. c2008
300 ## - DESCRIPCION FISICA
Extensión 532 p.
Otros detalles físicos il.,
Dimensiones 24 cm.
504 ## - NOTA DE BIBLIOGRAFIA, ETC.
Nota de bibliografía Incluye referencias bibliográficas e índices
650 #0 - ASIENTO SECUNDARIO DE MATERIA - TERMINO TEMATICO
Término temático o nombre geográfico como elemento de entrada Cambio climático
650 #0 - ASIENTO SECUNDARIO DE MATERIA - TERMINO TEMATICO
Término temático o nombre geográfico como elemento de entrada Consumo de energía
Subdivisión general Factores climáticos
650 #0 - ASIENTO SECUNDARIO DE MATERIA - TERMINO TEMATICO
Término temático o nombre geográfico como elemento de entrada Consumo de energía
Subdivisión general Aspectos ambientales
942 ## - ELEMENTOS ADICIONALES (KOHA)
Sistema de clasificación Dewey Decimal Classification
Tipo de ítem
Existencias
Withdrawn status Lost status Sistema de Clasificación Damaged status No para préstamo Colección Inventariado Ubicación Permanente Ubicación actual Fecha de adquisición Fuente de Valor Valor Total Checkouts Número topográfico Inventario / Código de Barras Date last seen Ejemplar Price effective from Tipo de material
    Dewey Decimal Classification     General Inventariado 2017 Sala Fabio Quevedo Sala Fabio Quevedo 12/07/2013 Instituto 39000.00   LB 551.6 W861e 028349 12/07/2013 Ej. 1 12/07/2013 Libro